01330nam a2200337Ia 4500001001200000003000800012006001900020007001500039008004100054010001700095020001500112020002200127020001800149040002100167035002100188050002500209245017200234260006500406300001400471504006600485533015200551650001600703650001700719650002100736655002900757700002200786700002400808710001700832856012600849999001700975ebr10348581CaPaEBRm u cr cn|||||||||960827s1996 enk sb 001 0 eng d z 96070153  z0803989288 z0803989296 (pbk.) z9780803989283 aCaPaEBRcCaPaEBR a(OCoLC)65424427114aHD38.2b.M462 1996eb00aMen as managers, managers as menh[electronic resource] :bcritical perspectives on men, masculinities, and managements /cedited by David L. Collinson and Jeff Hearn. aLondon ;aThousand Oaks, Calif. :bSage Publications,c1996. ax, 275 p. aIncludes bibliographical references (p. [239]-265) and index. aElectronic reproduction.bPalo Alto, Calif. :cebrary,d2010.nAvailable via World Wide Web.nAccess may be limited to ebrary affiliated libraries. 0aExecutives. 0aMasculinity. 0aMenxPsychology. 7aElectronic books.2local1 aCollinson, David.1 aHearn, Jeff,d1947-2 aebrary, Inc.40uhttp://site.ebrary.com/lib/rucke/Doc?id=10348581zAn electronic book accessible through the World Wide Web; click to view c29415d29415